000
00326nam a2200109Ia 4500
008
200302s9999 xx 000 0 und d
100
_a
Christian Schittich
245
_a
In Detail Small Structures Compact Dwellings Temporary Structures
260
_b
Architektur Dokumentation Gmbh & Co. KG
260
_c
2010
300
_a
176 P.,
999
_c
2959
_d
2959